00471nam a2200109Ia 4500008004100000100003000041245014700071260002900218300001700247650001500264856008200279160712s9999 xx 000 0 und d aPison, Ruth Jordana Luna. cRuth Jordana Luna PisonaNavigating a Precarious Balance: The Noel Garovillo Dance Center's Contemporary Dance as aCommitment to the Community c2011bHumanities Diliman avol. 8 no. 2 xHUMANITIES uhttp://journals.upd.edu.ph/index.php/humanitiesdiliman/issue/view/305/showToc